LEADER 00418nab a2200145 i 4500 001 000000284285 003 CaOOAMICUS 005 20180831165252.0 008 180831n xx uu u0 0und r 013 $a37658 040 $aSeMil$bita 245 10$a[SENZA TITOLO]. 500 $aDicembre 1938, Anno 8. 773 0 $t1938 : gennaio-dicembre.$dTorino : SEI, 1938.$w()239001 996 $6245$a[SENZA TITOLO]$9(OLS)http://semarc/title/354609 LEADER 00672naa a2200157 i 4500 001 000000296653 003 CaOOAMICUS 005 20180831172549.0 008 180831n xx u000 u und u 013 $a4115 040 $aSeMil$bita 100 1 $aMarguerat, Daniel,$d<1943- >.$0(OLS)http://semarc/name/7099 245 13$aLe Dieu du livre des Actes. 650 4$aBibbia. Nuovo Testamento. Atti degli Apostoli - Commentari, studi, critica, interpretazioni.$0(OLS)http://semarc/subject/30 773 0 $tÉvangile exploré.$dParis : Les Éditions du Cerf, copyr. 1996.$kLectio divina $z2-204-05434-8$w()51645 996 $6245$aLe Dieu du livre des Actes$9(OLS)http://semarc/title/372702